00844nam a22001937a 4500003000900000008004100009040007100050082002100121100001600142245004900158260003100207300005900238440005400297505021500351650001700566650001200583650001300595700004200608AR-CdUCM190308b ||||| |||| 00| 0 spa d aMUNICIPALIDAD PROVINCIAL DEL CUSCOcBIBLIOTECA MUNICIPAL DEL CUSCO a720.95204 /bB78 aBoyd, Robin aNuevos caminos de la arquitectura japonesa / aBarcelona :bBlume,c1969. a128 páginas ;bilustraciones, fotografías,c24 cm. aColección Nuevos Caminos de la Arquitectura.n6 aContenido: La tradición ineludible -- La sicosis del espacio -- Entre Oriente y Occidente -- Entre los Arquitectos -- Traducción de las leyendas -- Principales publicaciones japonesas sobre Arquitectura ... aArquitectura aJapón aSiglo XX aCano Vázquez, José (traducción)